Les 20 plus grandes villes de l'Orne sur une carte - Statistiques

Statistiques générales
  • Ce quiz a été pris 93 fois
  • Le résultat moyen est 9 sur 20
Réponses sur la Carte
Les réponses sont colorées sur une échelle allant du rouge au vert en fonction du pourcentage des utilisateurs qui les ont devinées à leur premier essai. Vous pouvez retrouver ces pourcentages ci-dessous.
 
Statistiques - réponses
Population Initiale Ville % Correct
25 667 A Alençon
100%
13 494 A Argentan
90%
14 308 F Flers
87%
7 771 (L') A L'Aigle
75%
3 857 M Mortagne-au-Perche
73%
4 182 S Sées
58%
5 095 (La) F La Ferté Macé
57%
4 131 D Domfront en Poiraie
48%
2 698 B Bagnoles de l'Orne Normandie
43%
3 041 V Vimoutiers
31%
4 850 T Tinchebray-Bocage
30%
4 208 A Athis-Val de Rouvre
26%
3 169 S Saint-Georges-des-Groseillers
23%
3 648 S Saint-Germain-du-Corbéis
23%
2 989 T Tourouvre au Perche
23%
3 324 V Val-au-Perche
18%
3 644 G Gouffern en Auge
17%
2 826 L Longny les Villages
13%
2 867 R Rives d'Andaine
13%
2 960 (La) F La Ferté-en-Ouche
9%
Aucun quiz correspondant
Distribution des résultats
% des personnes avec chaque résultat
Percentile par nombre de réponses
Votre historique - résultats
Vous n’avez pas pris ce quiz